00903cam a22002531 4500001001300000003000400013005001700017008004100034010001700075035001900092040002100111042001200132043001200144050004700156110004700203245006100250260004400311300001800355490004000373500013900413650002500552830005500577999001700632pa 64000107 DLC20260227111856.0791031s1963 dcu i000 0 eng  apa 64000107  a(OCoLC)5629099 aDLCcNGenoUdDLC apremarc anwht---00aF1405.5 1959b.O7 OEA/ser.L/V.II.8, Doc. 52 aInter-American Commission on Human Rights.10aReport on the situation regarding human rights in Haiti. aWashington,bPan American Union,c1963. a37 p.c28 cm.1 aOEA/ser. L/v/II.8, Doc. 5 (English) a"Approved by the Inter-American Commission on Human Rights at the fourteenth meeting of its seventh session held on October 21, 1963." 0aCivil rightszHaiti. 0aOAS official records ;vOEA/ser. L/v/II.8, Doc. 5. c51540d51540